书目信息 |
| 题名: |
中国房地产代建行业发展蓝皮书
|
|
| 作者: | 莫天全 , 黄瑜 著 ;中指研究院 著 | |
| 分册: | ||
| 出版信息: | 北京 企业管理出版社 2021.05 |
|
| 页数: | 285页 | |
| 开本: | 24cm | |
| 丛书名: | ||
| 单 册: | ||
| 中图分类: | F299.233 | |
| 科图分类: | ||
| 主题词: | 房地产业--fang di chan ye--经济发展--研究--中国 | |
| 电子资源: | ||
| ISBN: | 978-7-5164-2389-9 | |
| 000 | 01278nam0 2200301 450 | |
| 001 | 202021193868 | |
| 005 | 20211025120142.0 | |
| 010 | @a978-7-5164-2389-9@dCNY90.00 | |
| 100 | @a20211002d2021 em y0chiy50 ea | |
| 101 | 0 | @achi |
| 102 | @aCN@b110000 | |
| 105 | @aa a 000yy | |
| 106 | @ar | |
| 200 | 1 | @a中国房地产代建行业发展蓝皮书@Azhong guo fang di chan dai jian hang ye fa zhan lan pi shu@d= Blue book on development of China's real estate agent-construction industry@f中指研究院@zeng |
| 205 | @a第2版 | |
| 210 | @a北京@c企业管理出版社@d2021.05 | |
| 215 | @a285页@c图@d24cm | |
| 314 | @a书内题: 莫天全, 黄瑜主编 | |
| 320 | @a有书目 (第281-285页) | |
| 330 | @a本书分为中国房地产代建的起源与演变、中国房地产代建行业发展特征及优秀案例和中国房地产代建的发展趋势三篇。主要内容包括: 中国房地产市场专业化发展历程 ; 中国房地产代建的起源与演变 ; 海外房地产代建概况及模式研究等。 | |
| 510 | 1 | @aBlue book on development of China's real estate agent-construction industry@zeng |
| 606 | 0 | @a房地产业@Afang di chan ye@x经济发展@x研究@y中国 |
| 690 | @aF299.233@v5 | |
| 701 | 0 | @a莫天全@Amo tian quan@4著 |
| 701 | 0 | @a黄瑜@Ahuang yu@4著 |
| 711 | 02 | @a中指研究院@Azhong zhi yan jiu yuan@4著 |
| 801 | 0 | @aCN@c20210909 |
| 905 | @a河南城建学院图书馆@dF299.233@eM885 | |
| 中国房地产代建行业发展蓝皮书= Blue book on development of China's real estate agent-construction industry/中指研究院.-第2版.-北京:企业管理出版社,2021.05 |
| 285页:图;24cm |
| ISBN 978-7-5164-2389-9:CNY90.00 |
| 本书分为中国房地产代建的起源与演变、中国房地产代建行业发展特征及优秀案例和中国房地产代建的发展趋势三篇。主要内容包括: 中国房地产市场专业化发展历程 ; 中国房地产代建的起源与演变 ; 海外房地产代建概况及模式研究等。 |
| ● |
| 相关链接 |
|
|
|
正题名:中国房地产代建行业发展蓝皮书
索取号:F299.233/M885
 
预约/预借
| 序号 | 登录号 | 条形码 | 馆藏地/架位号 | 状态 | 备注 |
| 1 | 1543036 | 215430362 | 社科库409/409社科库 110排2列5层/ [索取号:F299.233/M885] | 在馆 | |
| 2 | 1543037 | 215430371 | 社科库409/409社科库 110排2列5层/ [索取号:F299.233/M885] | 在馆 |